| 000 | 00580nam a2200205 a 4500 | ||
|---|---|---|---|
| 001 | 1721 | ||
| 003 | CDMR | ||
| 005 | 20131205141044.0 | ||
| 008 | 130130s1991||||||||||||||||||||||||||||d | ||
| 020 | _a8475093159 | ||
| 040 |
_aCDMR _bcat _cCDMR |
||
| 100 | 1 |
_aMcQuail, Denis _91285 |
|
| 245 | 1 | 0 |
_aIntroducción a la teoría de la comunicación de masas _cDenis McQuail |
| 250 | _a2a ed. rev. y ampl. | ||
| 260 |
_aBarcelona _c1991 _bPaidós |
||
| 300 |
_a451 p ; _c22 cm |
||
| 490 | 0 |
_aPaidos Comunicación _v18 |
|
| 650 | 0 | 4 |
_9405 _aMitjans de comunicació de massa |
| 942 |
_cMON _2ddc |
||
| 999 |
_c1721 _d1721 |
||